000 00655nam a2200217Ii 4500
003 JO-AjNU
008 230605s9999||||xx |||||||||||||| ||und||
017 _a2003/8/1729
040 _aJO-AjNU
_bara
_erda
_cJO-AjNU
041 _aara
050 1 4 _aBP174 2004
100 3 _aبديع، محمود,
_eauthor
_921100
245 0 0 _a100نصيحة للخشوع في الصلاة
250 _aط1
264 3 1 _aعمان: دار الاسراء للنشر والتوزيع، 2004
300 _a96ص
336 _atext
_btxt
_2rdacontent
337 _aunmediated
_bn
_2rdamedia
338 _avolume
_bnc
_2rdacarrier
650 4 _aالصلاة- آداب
_921101
999 _aA7274
_c10842
_d10842